000 00410nam a2200145 a 4500
001 000033794
005 20200930070526.0
008 110912s1849 xxu 000 0 spa d
040 _aDO-SdBNP
_bspa
_cBNPHU
082 _axxx
_bI72t
245 1 4 _aThe Works of Washington Irving.
260 _aNew York :
_bG. P. Putnam,
_c1849.
300 _av. ;
_c20 cm.
500 _aLa bibliotea posee los volúmenes III, IV y V
999 _c33285
_d33285